[Event "Bangkok Big Rook op"]
[Site "Bangkok"]
[Date "2024.02.23"]
[Round "1"]
[White "Rangkaew, Katunchalee"]
[Black "Teerapabpaisit, Wisuwat"]
[Result "0-1"]
[WhiteElo "1368"]
[BlackElo "2052"]
[PlyCount "72"]
[EventDate "2024.02.23"]
[EventType "swiss"]
[EventRounds "7"]
[EventCountry "THA"]
[SourceTitle "CB10_2024"]
[SourceDate "2024.03.06"]
[SourceVersion "1"]
[SourceVersionDate "2024.03.06"]
[SourceQuality "1"]

1. d4 Nf6 2. c4 g6 3. Nc3 Bg7 4. e4 d6 5. h3 Nbd7 6. Nf3 e5 7. d5 Nh5 8. Bd3 0-0 9. 0-0 Nf4 10. Bc2 h6 11. Be3 Nf6 12. Qd2 N6h5 13. Kh2 g5 14. Ng1 Qd7 15. Bd1 Nf6 16. f3 Kh7 17. Nce2 N6h5 18. Bf2 Bf6 19. c5 Rg8 20. Rc1 Nxe2 21. Nxe2 Nf4 22. c6 bxc6 23. dxc6 Qe7 24. Nc3 Bxh3 25. gxh3 Qe6 26. Be3 Qxh3+ 27. Kg1 g4 28. fxg4 Rxg4+ 29. Bxg4 Rg8 30. Qh2 Qxe3+ 31. Kh1 Rxg4 32. Rce1 Qc5 33. Rxf4 exf4 34. Qe2 Qh5+ 35. Qh2 Rh4 36. Re2 f3 0-1

[Event "Bangkok Thailand op"]
[Site "Bangkok"]
[Date "2021.12.21"]
[Round "8"]
[White "Rangkaew, Katunchalee"]
[Black "Nunbhakdi, Tawin Matthew"]
[Result "0-1"]
[WhiteElo "1422"]
[BlackElo "2079"]
[PlyCount "128"]
[EventDate "2021.12.15"]
[EventType "swiss"]
[EventRounds "9"]
[EventCountry "THA"]
[SourceTitle "CBM 206 Extra"]
[Source "ChessBase"]
[SourceDate "2022.03.31"]
[SourceVersion "1"]
[SourceVersionDate "2022.03.31"]
[SourceQuality "1"]

1. d4 Nf6 2. Nc3 d5 3. Bf4 a6 4. e3 e6 5. g4 Bb4 6. Nge2 0-0 7. a3 Be7 8. Rg1 c5 9. h4 Nc6 10. g5 Nd7 11. Bh2 b5 12. Nf4 b4 13. axb4 cxd4 14. exd4 Qb6 15. Bd3 Qxd4 16. Qh5 g6 17. Qg4 Nde5 18. Qe2 Bxb4 19. Kf1 Bxc3 20. bxc3 Qxc3 21. Rd1 a5 22. Bb5 a4 23. h5 a3 24. Rg3 Qc5 25. Bxc6 Nxc6 26. Nd3 Qb5 27. hxg6 fxg6 28. c3 a2 29. Ra1 e5 30. Re3 e4 31. Nf4 Qb8 32. Qd2 Qb5+ 33. Kg2 Rf5 34. Nh3 Qc4 35. Qb2 Rf3 36. Nf4 Rxe3 37. fxe3 Ne5 38. Qb6 Nc6 39. Qc7 Bg4 40. Qd6 Rd8 41. Qf6 Rf8 42. Qd6 Rd8 43. Qf6 Qb3 44. Ne6 Qb2+ 45. Kg3 Bxe6 46. Qxe6+ Kh8 47. Qf6+ Kg8 48. Qe6+ Kh8 49. Rf1 Qb8+ 50. Kh3 Qc8 51. Qxc8 Rxc8 52. Ra1 Ra8 53. Kg4 Kg7 54. Bd6 Kf7 55. Bc5 Ne5+ 56. Kg3 Nc4 57. Bd4 Ke6 58. Kg4 Kd6 59. Kf4 Kc6 60. Kg3 Kb5 61. Kf2 Ra3 62. Ke2 Ka4 63. Kd1 Kb3 64. Kc1 Ra8 0-1

[Event "Bangkok Thailand op"]
[Site "Bangkok"]
[Date "2021.12.15"]
[Round "1"]
[White "Salvador, Louie"]
[Black "Rangkaew, Katunchalee"]
[Result "1-0"]
[WhiteElo "2123"]
[BlackElo "1422"]
[PlyCount "73"]
[EventDate "2021.12.15"]
[EventType "swiss"]
[EventRounds "9"]
[EventCountry "THA"]
[SourceTitle "CBM 206 Extra"]
[Source "ChessBase"]
[SourceDate "2022.03.31"]
[SourceVersion "1"]
[SourceVersionDate "2022.03.31"]
[SourceQuality "1"]

1. e4 e5 2. Nf3 Nc6 3. Bc4 Bc5 4. c3 Nf6 5. d4 exd4 6. e5 d5 7. Bb5 Ne4 8. cxd4 Bb4+ 9. Bd2 Nxd2 10. Nbxd2 Bg4 11. Qa4 Bxd2+ 12. Nxd2 Bd7 13. 0-0 0-0 14. f4 a6 15. Bxc6 Bxc6 16. Qb3 Qe7 17. f5 f6 18. Rae1 Kh8 19. e6 Rfd8 20. g4 Bb5 21. Rf3 c5 22. a4 Bc6 23. Qa3 b6 24. a5 Qa7 25. axb6 Qxb6 26. Rb3 Qa7 27. Qxc5 Qxc5 28. dxc5 Rdc8 29. Rb6 Bb5 30. b4 Kg8 31. Rd6 Bc6 32. Nb3 Rab8 33. Na5 Ba8 34. e7 Kf7 35. Rxa6 Rxb4 36. e8Q+ Rxe8 37. Rxe8 1-0

[Event "Bangkok Chinese New Year op"]
[Site "Bangkok"]
[Date "2020.01.25"]
[Round "1"]
[White "Rangkaew, Katunchalee"]
[Black "Arunnuntapanich, Tinnakrit"]
[Result "0-1"]
[WhiteElo "1393"]
[BlackElo "2046"]
[PlyCount "63"]
[EventDate "2020.01.25"]
[EventType "swiss (rapid)"]
[EventRounds "9"]
[EventCountry "THA"]
[SourceTitle "CBM 194 Extra"]
[Source "ChessBase"]
[SourceDate "2020.03.31"]
[SourceVersion "1"]
[SourceVersionDate "2020.03.31"]
[SourceQuality "1"]

1. d4 Nf6 2. Nc3 d5 3. Bf4 e6 4. e3 c5 5. Be2 Bd6 6. Bg3 0-0 7. dxc5 Bxc5 8. Nf3 Bb4 9. 0-0 Nc6 10. Nb5 Ne8 11. h4 a6 12. Nbd4 Bd7 13. Nxc6 Bxc6 14. Nd4 Bd7 15. Bd3 Bd6 16. Bxd6 Nxd6 17. Nf3 f6 18. Re1 Bc6 19. Nd4 Bd7 20. e4 dxe4 21. Bxe4 Nxe4 22. Rxe4 e5 23. Nb3 Bf5 24. Rb4 b5 25. c4 Qe7 26. Qe1 Bd3 27. cxb5 axb5 28. Rc1 Rxa2 29. Nd4 Qe8 30. Nc6 Ra6 31. Qc3 Bc4 32. Rxc4 0-1

[Event "THA-ch (Women)"]
[Site "Bangkok"]
[Date "2019.05.01"]
[Round "1.5"]
[White "Burbach, Anya Belle"]
[Black "Rangkaew, Katunchalee"]
[Result "0-1"]
[WhiteElo "1025"]
[BlackElo "1439"]
[PlyCount "108"]
[EventDate "2019.05.01"]
[EventType "swiss"]
[EventRounds "9"]
[EventCountry "THA"]
[SourceTitle "CBM 190 Extra"]
[Source "ChessBase"]
[SourceDate "2019.07.15"]
[SourceVersion "1"]
[SourceVersionDate "2019.07.15"]
[SourceQuality "1"]

1. e4 e5 2. Nf3 Nc6 3. Bb5 Nf6 4. d3 d6 5. Bg5 Be7 6. Nbd2 0-0 7. 0-0 Bg4 8. h3 Bh5 9. c3 d5 10. Bxc6 bxc6 11. Qc2 Nd7 12. Bxe7 Qxe7 13. Rfe1 Rfe8 14. exd5 cxd5 15. Re3 Qc5 16. d4 exd4 17. Rxe8+ Rxe8 18. Nxd4 Qb6 19. Rf1 c5 20. N4f3 Qf6 21. Qd3 Nb6 22. Qb5 Rc8 23. Re1 Kf8 24. Re3 Qc6 25. Qxc6 Rxc6 26. g4 Bg6 27. Ne5 Re6 28. Nxg6+ Rxg6 29. Nb3 Nc4 30. Rd3 Nxb2 31. Rxd5 c4 32. Rd2 Na4 33. Na5 Nxc3 34. Nxc4 Ra6 35. Ne5 f6 36. Rd8+ Ke7 37. Rc8 fxe5 38. Rxc3 Rxa2 39. Kg2 a5 40. Kf3 a4 41. Ke3 Kd6 42. f4 exf4+ 43. Kxf4 a3 44. Ke4 Re2+ 45. Kd3 a2 46. Rc1 Rb2 47. Ra1 Ke5 48. Kc3 Rh2 49. Kb3 Kf4 50. Rg1 a1Q 51. Rxa1 Rxh3+ 52. Kb4 Kxg4 53. Rg1+ Rg3 54. Rh1 h5 0-1

[Event "Vientiane op"]
[Site "Vientiane"]
[Date "2018.12.23"]
[Round "9"]
[White "Burbach, Anya Belle"]
[Black "Rangkaew, Katunchalee"]
[Result "0-1"]
[WhiteElo "1111"]
[BlackElo "1466"]
[PlyCount "110"]
[EventDate "2018.12.18"]
[EventType "swiss"]
[EventRounds "9"]
[EventCountry "LAO"]
[SourceTitle "CBM 187 Extra"]
[Source "ChessBase"]
[SourceDate "2018.11.04"]
[SourceVersion "1"]
[SourceVersionDate "2018.11.04"]
[SourceQuality "1"]

1. e4 e5 2. Nf3 Nc6 3. Bb5 Nf6 4. d3 d6 5. Nc3 a6 6. Bxc6+ bxc6 7. h3 h6 8. Be3 d5 9. exd5 cxd5 10. d4 exd4 11. Nxd4 c5 12. 0-0 cxd4 13. Bxd4 Be7 14. Rb1 0-0 15. Bxf6 Bxf6 16. Nxd5 Bb7 17. Nxf6+ Qxf6 18. c3 Qg6 19. Qg4 Qxg4 20. hxg4 Rfe8 21. f3 Re2 22. Rfe1 Rae8 23. Kf1 Rxe1+ 24. Rxe1 Rxe1+ 25. Kxe1 Kf8 26. Kd2 Ke7 27. Ke3 Bd5 28. a3 a5 29. b4 axb4 30. axb4 Bc4 31. Kd4 Bf1 32. g3 Kd6 33. c4 Kc6 34. f4 Be2 35. g5 hxg5 36. fxg5 g6 37. b5+ Kb6 38. Kd5 Bg4 39. Kd6 Bf3 40. c5+ Kxb5 41. c6 Kb6 42. c7 Kb7 43. Ke7 Bd5 44. Kd7 Be6+ 45. Kd8 Bf5 46. Ke7 Kxc7 47. Kxf7 Kd6 48. Kf6 Bb1 49. Kg7 Ke5 50. Kh7 Kf5 51. Kh6 Kg4 52. Kg7 Kxg5 53. Kf7 Kg4 54. Kf6 Kxg3 55. Kg5 Kh3 0-1

[Event "Vientiane op"]
[Site "Vientiane"]
[Date "2018.12.20"]
[Round "5"]
[White "Goh, Jie Yi"]
[Black "Rangkaew, Katunchalee"]
[Result "1-0"]
[WhiteElo "1691"]
[BlackElo "1466"]
[PlyCount "57"]
[EventDate "2018.12.18"]
[EventType "swiss"]
[EventRounds "9"]
[EventCountry "LAO"]
[SourceTitle "CBM 187 Extra"]
[Source "ChessBase"]
[SourceDate "2018.11.04"]
[SourceVersion "1"]
[SourceVersionDate "2018.11.04"]
[SourceQuality "1"]

1. d4 Nf6 2. Nf3 d6 3. Nc3 g6 4. e4 Bg4 5. Be3 Bg7 6. Qd2 0-0 7. h3 Bxf3 8. gxf3 c5 9. dxc5 dxc5 10. Qxd8 Rxd8 11. Bxc5 Nc6 12. Bd3 Ne5 13. Ke2 Rd7 14. Rad1 Nh5 15. Be3 Rc8 16. Bb5 Rdc7 17. Bxa7 Nc4 18. Nd5 Nxb2 19. Nxc7 Nxd1 20. Rxd1 Rxc7 21. Rd8+ Bf8 22. c4 Nf4+ 23. Ke3 Nxh3 24. Bb6 Rc6 25. Bxc6 bxc6 26. a4 Kg7 27. a5 e6 28. Rxf8 Kxf8 29. a6 1-0

[Event "THA pre olympic qual (Women)"]
[Site "Bangkok"]
[Date "2016.05.20"]
[Round "5"]
[White "Rangkaew, Katunchalee"]
[Black "Tuorila, Christina"]
[Result "1-0"]
[WhiteElo "1439"]
[BlackElo "1485"]
[PlyCount "85"]
[EventDate "2016.05.14"]
[EventType "swiss"]
[EventRounds "9"]
[EventCountry "THA"]
[SourceTitle "CBM 172 Extra"]
[Source "ChessBase"]
[SourceDate "2016.06.21"]
[SourceVersion "1"]
[SourceVersionDate "2016.06.21"]
[SourceQuality "1"]

1. e4 e5 2. Nf3 Nf6 3. Nc3 Nc6 4. Bb5 Bb4 5. 0-0 0-0 6. d3 d6 7. Bg5 h6 8. Bxf6 Qxf6 9. Nd5 Qd8 10. Bxc6 bxc6 11. Nxb4 Bd7 12. d4 exd4 13. Nd3 Bg4 14. h3 Bh5 15. Nf4 Bxf3 16. Qxf3 Rb8 17. Nd3 Re8 18. a3 c5 19. Rfe1 a5 20. Rab1 c4 21. Nf4 Re5 22. b3 Reb5 23. a4 R5b7 24. e5 c5 25. Qd5 Qg5 26. exd6 Qxd5 27. Nxd5 Rd7 28. Ne7+ Kf8 29. Nc6 Ra8 30. Ne5 Rxd6 31. Nxc4 Raa6 32. Nxd6 Rxd6 33. Re5 Rc6 34. Rbe1 g6 35. Re8+ Kg7 36. Ra8 c4 37. Rxa5 cxb3 38. cxb3 Rd6 39. Rb5 d3 40. a5 d2 41. Rd1 Kf6 42. Rb6 Rxb6 43. axb6 1-0

[Event "THA pre olympic qual (Women)"]
[Site "Bangkok"]
[Date "2016.05.14"]
[Round "1"]
[White "Rangkaew, Katunchalee"]
[Black "Atthaworadej, Worasuda"]
[Result "0-1"]
[WhiteElo "1439"]
[BlackElo "1681"]
[PlyCount "113"]
[EventDate "2016.05.14"]
[EventType "swiss"]
[EventRounds "9"]
[EventCountry "THA"]
[SourceTitle "CBM 172 Extra"]
[Source "ChessBase"]
[SourceDate "2016.06.21"]
[SourceVersion "1"]
[SourceVersionDate "2016.06.21"]
[SourceQuality "1"]

1. e4 c5 2. Nc3 g6 3. Nf3 Bg7 4. Bc4 Nc6 5. d3 Nf6 6. Be3 d6 7. h3 0-0 8. 0-0 a6 9. a4 Bd7 10. d4 cxd4 11. Nxd4 Rc8 12. Nxc6 Bxc6 13. Bd3 Nd7 14. Qd2 Nc5 15. Bh6 a5 16. Bxg7 Kxg7 17. b3 Qb6 18. Nd5 Bxd5 19. exd5 Qc7 20. Be2 Kg8 21. Bg4 Ne4 22. Qe3 f5 23. Bd1 Qc3 24. Qxc3 Rxc3 25. Rc1 Rfc8 26. Re1 Kf7 27. Re3 Rxe3 28. fxe3 Rc3 29. Be2 Rxe3 30. Bd3 Nc5 31. Bc4 Rc3 32. Kf2 Nxa4 33. Bb5 Nb6 34. Ke2 Kf6 35. Bd3 Nxd5 36. Kd2 Rc8 37. Rf1 e5 38. g4 Nf4 39. gxf5 gxf5 40. Bc4 Nxh3 41. Rh1 Ng5 42. Rh6+ Ke7 43. Rh5 Ne4+ 44. Ke3 Nf6 45. Rxf5 b5 46. Bd3 a4 47. Bxb5 a3 48. Bc4 a2 49. Rf1 d5 50. Bb5 Rxc2 51. Ba4 Rb2 52. Ra1 h5 53. Kd3 h4 54. Kc3 Rg2 55. Bb5 h3 56. Bf1 Rg1 57. Kb2 0-1

[Event "THA-chT"]
[Site "Bangkok"]
[Date "2015.12.04"]
[Round "2.4"]
[White "Rangkaew, Katunchalee"]
[Black "Bootchon, Korada"]
[Result "1-0"]
[WhiteElo "1431"]
[BlackElo "1657"]
[PlyCount "51"]
[EventDate "2015.12.04"]
[EventType "team-swiss"]
[EventRounds "9"]
[EventCountry "THA"]
[SourceTitle "EXT 2017"]
[Source "ChessBase"]
[SourceDate "2016.10.25"]
[SourceVersion "1"]
[SourceVersionDate "2016.10.25"]
[SourceQuality "1"]
[WhiteTeam "Assumption Association"]
[BlackTeam "Din Daeng II"]
[WhiteTeamCountry "THA"]
[BlackTeamCountry "THA"]

1. e4 e5 2. Nf3 Nc6 3. Bb5 d6 4. c3 Bd7 5. d4 exd4 6. cxd4 Qe7 7. 0-0 Nf6 8. Nc3 a6 9. Ba4 g6 10. Bg5 h6 11. Nd5 Nxd5 12. Bxe7 Ndxe7 13. d5 Nd8 14. Bxd7+ Kxd7 15. e5 Bg7 16. exd6 cxd6 17. Qb3 Rc8 18. Rac1 Rxc1 19. Rxc1 f5 20. Qa4+ b5 21. Qxa6 Ke8 22. Qxd6 Nf7 23. Qb8+ Nd8 24. Qxb5+ Kf7 25. d6 Ng8 26. Qd7+ 1-0

[Event "THA-ch (Women)"]
[Site "Bangkok"]
[Date "2015.11.15"]
[Round "9"]
[White "Atthaworadej, Worasuda"]
[Black "Rangkaew, Katunchalee"]
[Result "1-0"]
[WhiteElo "1695"]
[BlackElo "1406"]
[PlyCount "59"]
[EventDate "2015.11.06"]
[EventType "swiss"]
[EventRounds "9"]
[EventCountry "THA"]
[SourceTitle "CBM 169 Extra"]
[Source "ChessBase"]
[SourceDate "2015.12.18"]
[SourceVersion "1"]
[SourceVersionDate "2015.12.18"]
[SourceQuality "1"]

1. e4 e5 2. Nf3 Nc6 3. d4 exd4 4. Bc4 Nf6 5. e5 d5 6. Bb5 Ne4 7. Nxd4 Bd7 8. Bxc6 bxc6 9. 0-0 Bc5 10. Be3 Bb6 11. c3 0-0 12. Nd2 Nxd2 13. Qxd2 Qe8 14. Bf4 c5 15. Nf3 Bc6 16. Nh4 Rd8 17. Nf5 Qe6 18. Qd3 Kh8 19. Rfd1 d4 20. cxd4 cxd4 21. Rac1 Ba8 22. Rc4 c5 23. Bg5 Qg6 24. f4 h6 25. Qh3 Qe6 26. Bxd8 Qxc4 27. Bf6 Kg8 28. Nxh6+ Kh7 29. Nf5+ Kg8 30. Ne7# 1-0

[Event "THA-ch (Women)"]
[Site "Bangkok"]
[Date "2015.11.14"]
[Round "8"]
[White "Rangkaew, Katunchalee"]
[Black "Vongvatthana, Chananchida"]
[Result "1/2-1/2"]
[WhiteElo "1406"]
[BlackElo "1587"]
[PlyCount "53"]
[EventDate "2015.11.06"]
[EventType "swiss"]
[EventRounds "9"]
[EventCountry "THA"]
[SourceTitle "CBM 169 Extra"]
[Source "ChessBase"]
[SourceDate "2015.12.18"]
[SourceVersion "1"]
[SourceVersionDate "2015.12.18"]
[SourceQuality "1"]

1. d4 d5 2. Nf3 Nf6 3. Bf4 Bf5 4. Nbd2 e6 5. e3 Nbd7 6. Be2 h6 7. c3 b6 8. Ne5 Bd6 9. Ndf3 Ne4 10. g4 Bh7 11. h4 c5 12. Bb5 Ke7 13. Bd3 f6 14. dxc5 Bxc5 15. g5 fxe5 16. Nxe5 hxg5 17. hxg5 Bf5 18. Rg1 Rg8 19. Qc2 Nd6 20. b4 Bxe3 21. Bxe3 Rc8 22. Bxf5 Nxf5 23. Bc5+ Nd6 24. Qg6 Qe8 25. Qxe8+ Rgxe8 26. g6 a6 27. Nc4 1/2-1/2

[Event "THA-ch (Women)"]
[Site "Bangkok"]
[Date "2015.11.08"]
[Round "5"]
[White "Phitchayarom, Ruja"]
[Black "Rangkaew, Katunchalee"]
[Result "1/2-1/2"]
[WhiteElo "1588"]
[BlackElo "1406"]
[PlyCount "165"]
[EventDate "2015.11.06"]
[EventType "swiss"]
[EventRounds "9"]
[EventCountry "THA"]
[SourceTitle "CBM 169 Extra"]
[Source "ChessBase"]
[SourceDate "2015.12.18"]
[SourceVersion "1"]
[SourceVersionDate "2015.12.18"]
[SourceQuality "1"]

1. Nf3 d5 2. d4 Nf6 3. Bf4 e6 4. e3 Bd6 5. Bxd6 cxd6 6. Bd3 Qb6 7. b3 Nc6 8. 0-0 e5 9. dxe5 dxe5 10. Be2 0-0 11. c4 h6 12. cxd5 Nxd5 13. Qxd5 Be6 14. Qd3 Rfd8 15. Qd5 Qc7 16. Qc5 Rd5 17. Qc1 Qa5 18. Qa3 Qxa3 19. Nxa3 e4 20. Bc4 exf3 21. Bxd5 Bxd5 22. gxf3 Bxf3 23. Nc2 Rd8 24. Ne1 Be2 25. Ng2 Bxf1 26. Kxf1 Rd2 27. Ke1 Rb2 28. Nf4 Nb4 29. Rc1 g5 30. Rc8+ Kg7 31. Ne2 Rxa2 32. Rc7 b6 33. Rc4 Nd3+ 34. Kf1 Rb2 35. Rc3 Nc5 36. Nd4 Rxf2+ 37. Kxf2 Ne4+ 38. Ke2 Nxc3+ 39. Kd3 Nd5 40. Nc6 a6 41. Kd4 Nc7 42. b4 Kf6 43. e4 h5 44. h3 Ne6+ 45. Ke3 g4 46. hxg4 hxg4 47. Kf2 Kg5 48. Kg3 f6 49. Ne7 a5 50. bxa5 bxa5 51. Nd5 a4 52. Nc3 a3 53. Na2 Nc5 54. Nc3 Nb3 55. Na2 Nd2 56. Nc3 Nc4 57. Na2 f5 58. exf5 Kxf5 59. Nc3 Nd6 60. Na2 Ne4+ 61. Kg2 Kf4 62. Nc1 Nc3 63. Kf2 a2 64. Nb3 Ne4+ 65. Kg2 g3 66. Na1 Nc3 67. Nc2 Nd1 68. Na1 Ne3+ 69. Kg1 Kf3 70. Nb3 g2 71. Nd2+ Kg3 72. Nb3 Nf5 73. Nc1 Nh4 74. Ne2+ Kf3 75. Nd4+ Ke4 76. Nb3 Kd3 77. Nc1+ Kc2 78. Nxa2 Kd2 79. Nb4 Ke2 80. Nc2 Kd2 81. Nd4 Ke3 82. Nc2+ Kd2 83. Nd4 1/2-1/2